WHO drug information.
Saved in:
| Corporate Author: | |
|---|---|
| Format: | Book |
| Language: | English |
| Published: |
Geneva
World Health Organization
2000
|
| Subjects: | |
| Online Access: | Visit NHRC Library |
| Tags: |
Add Tag
No Tags, Be the first to tag this record!
|
| LEADER | 01701nam a22003617a 4500 | ||
|---|---|---|---|
| 001 | 11740578 | ||
| 010 | |a 99107135 | ||
| 022 | |a 10109609 | ||
| 037 | |b World Health Organization, Distribution and Sales, 1211 Geneva 27, Switzerland | ||
| 041 | 0 | |a eng | |
| 060 | 0 | 0 | |a QS 679 |
| 245 | 0 | 0 | |a WHO drug information. |
| 246 | 2 | |a World Health Organization drug information | |
| 260 | |a Geneva |b World Health Organization |c 2000 | ||
| 300 | |a v. ; |c 24 cm. | ||
| 362 | 0 | |a Vol. 14, no. 3 | |
| 500 | |a Title from cover. | ||
| 530 | |a Also available online via the World Wide Web. | ||
| 546 | |a English and French, 1987-1993; English, French, and Spanish, 1992-1993; English only, 1994- | ||
| 650 | 0 | |a Drugs |x Standards |v Periodicals. |9 1387 | |
| 650 | 0 | |a Pharmaceutical industry |v Periodicals. |9 1388 | |
| 650 | 2 | |a Pharmaceutical Preparations |x standards |v Periodicals. |9 1389 | |
| 650 | 1 | 7 | |a Geneesmiddelen. |9 1390 |
| 650 | 0 | 7 | |a Arzneimittel |9 1391 |
| 710 | 2 | |a World Health Organization. |9 1053 | |
| 776 | 1 | |t WHO drug information (Online) |w (OCoLC)46786476 | |
| 776 | 0 | 8 | |i Online version: |t WHO drug information |w (OCoLC)646982313 |
| 856 | |u http://nhrc.org.np/index.php?option=com_content&view=article&id=48&Itemid=53 |y Visit NHRC Library | ||
| 942 | |2 NLM |c BK | ||
| 952 | |0 0 |1 0 |2 NLM |4 0 |6 QS_679_000000000000000_WHO_2000 |7 0 |9 1528 |a NHRC |b NHRC |c CART |d 2013-03-22 |l 0 |o QS 679/WHO/2000 |p 000186 |r 2013-03-22 |w 2013-03-22 |y BK | ||
| 955 | |a da53 2002-01-02 (dup. resolve.) |a db17 2004-07-16 |h db17 2004-07-16 |a Barcode 00200963519 returned from bindery 2009-08-27 |a Barcode 00200963222 returned from bindery 2009-08-28 |a Barcode 00200963210 returned from bindery 2009-08-28 | ||
| 984 | |a srvf |d 2002-01-04 | ||
| 999 | |c 1487 |d 1487 | ||